000 00251nam a22001097a 4500
082 _a370 ALL'U
100 _aUMRANI, ABDUL AZIZ DR
_965935
245 _aALLAMA I.I KAZI ON EDUCATIONS
260 _aKARACHI
_bROYAL
_c1989
300 _a119P
942 _cBK
999 _c574005
_d574005